|
|
|
|
| LEADER |
00000nab a2200000 a 4500 |
| 001 |
vtls009162609 |
| 003 |
SK-MaSNL |
| 005 |
20260318125031.0 |
| 008 |
071126c2007 xo mr p 000 c0ukr |
| 015 |
|
|
|a SNBRB2007/11
|
| 038 |
|
|
|a SVKPOCL
|
| 040 |
|
|
|a SVKPOCL
|b slo
|c AACR2
|e AACR2
|
| 041 |
0 |
|
|a ukr
|
| 044 |
|
|
|a xo
|c SK
|
| 080 |
|
|
|a 373.3:73/78
|2 2001
|
| 080 |
|
|
|a 73/78
|2 2001
|
| 080 |
|
|
|a 78
|2 2001
|
| 100 |
1 |
|
|a Kuzmiaková, Anna,
|d 1949-
|4 aut
|9 210981
|
| 245 |
1 |
0 |
|a 50-ričnyj jubilej muzyčnoho školstva v Starij Ljubovni
|c A. Kuzmjakova, foto archiv OUŠ, Stara Ljubovnja
|
| 246 |
3 |
|
|a Päťdesiatročné jubileum hudobného školstva v Starej Ľubovni
|
| 246 |
3 |
|
|a Pjatdesjatričnyj jubilej muzyčnoho školstva v Starij Ljubovni
|
| 300 |
|
|
|b Fotogr.
|
| 610 |
2 |
7 |
|a Základná umelecká škola (Stará Ľubovňa, Slovensko)
|x výročie založenia 50.
|x dejiny
|2 svkpocl
|9 1265703
|
| 648 |
|
7 |
|a 1956-2007
|2 svkpocl
|9 1265704
|
| 650 |
0 |
7 |
|a základné umelecké školy
|2 svkpocl
|9 29368
|
| 650 |
0 |
7 |
|a umelecké školy
|2 svkpocl
|9 29319
|
| 650 |
0 |
7 |
|a základné hudobné školy
|2 svkpocl
|9 1265705
|
| 651 |
|
7 |
|a Stará Ľubovňa (Slovensko)
|2 svkpocl
|9 19193
|
| 773 |
0 |
|
|t Info Rusyn
|g Roč. IV, č. 2 (2007), s. 10
|
| 852 |
|
|
|a SVKPO
|b KIS3GCP
|
| 856 |
4 |
1 |
|a rusinska.obroda@kryha.sk
|
| 856 |
4 |
1 |
|a www.rusyn.sk
|
| 958 |
|
|
|a RN
|
| 958 |
|
|
|a SK
|
| 999 |
|
|
|c 2265021
|d 2266951
|